| 000 | 01970nam a2200169 a 4500 | ||
|---|---|---|---|
| 001 | 000045577 | ||
| 003 | OSt | ||
| 005 | 20201207082300.0 | ||
| 008 | 150415s2009 dr a 000 0 spa d | ||
| 040 |
_aDO-SdBNP _bspa _cBNPHU |
||
| 245 | 0 | 0 |
_aNuestra verde navidad / _cinvestigación y selección Kin Sánchez. |
| 260 |
_a[Santo Domingo] : _bOperación Ñ, _c2009. |
||
| 300 |
_a42 p. : _bil. ; _c28 cm. |
||
| 505 | 0 |
_tIntroducción -- _gArtículos : _tLa navidad -- _tNuestra verde navidad -- _gPoemas y autores : _tLa llegada del invierno -- _rSalomé Ureña de Henríquez / _tVerde Navidad -- _rClara de Lieger / _tA buscar al niño -- _rGabriela Mistral / _tEN la fiesta de los reyes -- _rTeresa de Jesús _tNo pasa el recuerdo -- _rGirasol (autor infantil) / _t¿Qué le diste al niño Dios? -- _rLope de Vega / _tBelén, clave de salvación -- _rJosé Martí / _tNochebuena -- _rFabio Fiallo / _tBalada amarilla del camellero -- _rAntonio Murciano / _tLos tres reyes magos -- _rRubén Darío / _tCena de noche buena -- _rJuan de Dios Peza / _tNochebuena -- _rRoberto Gómez Bolaños / _t¡Hosanna en las alturas! -- _rAmado Nervo / _tCánticos -- _rJuan Antonio Alix / _tBorriquito Santo -- _rJuana de Ibarbourou / _gVillancicos y aguinaldos : _tCantares de navidad -- _rBenito de Jesús / _tAguinaldo dominicano (canción tradicional dominicana) -- _tTun tun de navidad (merengue) -- _rfolklore dominicano / _tPesebre (villancico) -- _rLuís Alberti / _tCuatro villancicos populares -- _rfolklore dominicano / _tCelebremos (villancico) -- _rRamón Díaz / _tNavidad (bolero) -- _rSalvador Sturla / _tEn aquella esquina (aguinaldo) -- _rfolklore dominicano / _tMi navidad (merengue) -- _rVinicio Disla / _tYa se acercan los reyes (vals) -- _rManuel Troncoso / _tHa nacido el salvador (villancico) -- _rManuel Rueda / _gColoreando la navidad : _tLa historia de navidad para colorear / _gRecetas navideñas : _tPreparaciones culinarias dominicanas para la temporada -- |
|
| 700 | 1 | 2 |
_aSánchez, Kin _esel. _973641 |
| 942 |
_2ddc _cLBS1 |
||
| 999 |
_c45066 _d45066 |
||